000 00306nam a22001337a 4500
008 181121b xxu||||| |||| 00| 0 eng d
020 _a9780321813770
041 _aeng
080 _23 TH
_a541
100 _a12
101 _aKIM
245 _aChemistr A Molecular Approach
_cTro.N.J
942 _2udc
_cBK
999 _c52246
_d52246